2023-24 FIFA ATLETICO MADRID PLAYER BY PICTURE - Statistics

General Stats
  • This quiz has been taken 110 times
  • The average score is 16 of 21
Answer Stats
Picture Answer % Correct
Antoine Griezmann
100%
Álvaro Morata
98%
Memphis Depay
97%
Jan Oblak
94%
Axel Witsel
92%
Thomas Lemar
89%
César Azpilicueta
87%
Rodrigo De Paul
84%
Marcos Llorente
83%
Saúl Ñíguez
83%
Stefan Savić
83%
Çağlar Söyüncü
79%
Koke
78%
Ángel Correa
77%
José Giménez
68%
Nahuel Molina
65%
Reinildo
56%
Mario Hermoso
55%
Samuel Lino
46%
Pablo Barrios
43%
Rodrigo Riquelme
40%
No matching quizzes found
Score Distribution
Percent of People with Each Score
Percentile by Number Answered
Your Score History
You have not taken this quiz